000 00260 a2200109 4500
001 51011
040 _cAnchieta - Pituba
240 1 0 _aReleitura dramática 2005
_l
245 1 0 _aReleitura dramática 2005
650 4 _aLínguas espanhola e portuguesa
942 _cMX
999 _c51011
_d51011